Name the movies in AFI's 100 Greatest Films list - Statistics

General Stats
  • This quiz has been taken 9,642 times
  • The average score is 24 of 100
Answer Stats
Hint % Correct
2 The Godfather
71%
13 Star Wars
64%
3 Casablanca
63%
1 Citizen Kane
62%
6 Gone With the Wind
62%
83 Titanic
58%
14 Psycho
50%
8 Schindler's List
47%
76 Forrest Gump
46%
94 Pulp Fiction
44%
24 E.T. the Extra-Terrestrial
43%
56 Jaws
43%
92 Goodfellas
42%
52 Taxi Driver
40%
9 Vertigo
39%
100 Ben-Hur
36%
71 Saving Private Ryan
36%
30 Apocalypse Now
35%
33 One Flew Over the Cuckoo's Nest
33%
4 Raging Bull
33%
72 The Shawshank Redemption
33%
10 The Wizard of Oz
33%
20 It's a Wonderful Life
32%
7 Lawrence of Arabia
32%
48 Rear Window
32%
55 North by Northwest
31%
57 Rocky
31%
19 On the Waterfront
29%
22 Some Like it Hot
29%
99 Toy Story
29%
15 2001: A Space Odyssey
28%
86 Platoon
28%
66 Raiders of the Lost Ark
28%
70 A Clockwork Orange
26%
25 To Kill a Mockingbird
26%
87 12 Angry Men
25%
40 The Sound of Music
25%
51 West Side Story
25%
5 Singin' in the Rain
24%
17 The Graduate
24%
35 Annie Hall
23%
21 Chinatown
23%
34 Snow White and The Seven Dwarfs
23%
28 All About Eve
22%
39 Dr. Strangelove
22%
32 The Godfather, Part II
22%
16 Sunset Boulevard
21%
47 A Streetcar Named Desire
20%
11 City Lights
20%
53 The Deer Hunter
20%
74 The Silence of the Lambs
20%
81 Spartacus
19%
80 The Apartment
19%
73 Butch Cassidy and the Sundance Kid
18%
46 It Happened One Night
18%
78 Modern Times
18%
31 The Maltese Falcon
18%
68 Unforgiven
18%
97 Blade Runner
17%
27 High Noon
17%
50 The Lord of the Rings: The Fellowship of the Ring
17%
12 The Searchers
17%
43 Midnight Cowboy
16%
26 Mr. Smith Goes to Washington
16%
36 The Bridge on the River Kwai
15%
42 Bonnie and Clyde
14%
29 Double Indemnity
14%
75 In the Heat of the Night
14%
41 King Kong
14%
64 Network
14%
65 The African Queen
14%
93 The French Connection
14%
63 Cabaret
13%
18 The General
13%
69 Tootsie
13%
84 Easy Rider
12%
91 Sophie's Choice
12%
23 The Grapes of Wrath
12%
44 The Philadelphia Story
12%
77 All the President's Men
11%
88 Bringing Up Baby
11%
60 Duck Soup
11%
45 Shane
11%
37 The Best Years of Our Lives
11%
62 American Graffiti
10%
54 M*A*S*H
10%
58 The Gold Rush
10%
38 The Treasure of the Sierra Madre
10%
67 Who's Afraid of Virginia Woolf?
10%
59 Nashville
9%
89 The Sixth Sense
9%
98 Yankee Doodle Dandy
9%
96 Do the Right Thing
8%
49 Intolerance
8%
79 The Wild Bunch
8%
85 A Night at the Opera
7%
82 Sunrise
7%
95 The Last Picture Show
7%
61 Sullivan's Travels
6%
90 Swing Time
6%
No matching quizzes found
Score Distribution
Percent of People with Each Score
Percentile by Number Answered
Your Score History
You have not taken this quiz